Vítězná kultura.

Uložené v:
Podrobná bibliografia
Hlavný autor: Karaganov, Aleksandr Vasil‘jevič
Médium: Kniha
Jazyk:Slovak
Vydané: Praha, 1945.
Vydanie:1. vydanie
Fyzický popis: 61 strán.
Tagy: Pridať tag
Žiadne tagy, Buďte prvý kto otaguje tento záznam!

MARC

LEADER 00000nam a22000002i 4500
001 000623708
005 20200408215424.0
008 191010s1945 xo e 000 0 slo d
020 |q (brožované) 
040 |a SVKKK  |b slo  |c SVKKK  |e rda 
100 1 |a Karaganov, Aleksandr Vasil‘jevič 
245 1 0 |a Vítězná kultura. 
250 |a 1. vydanie 
264 1 |a Praha,  |c 1945. 
300 |a 61 strán. 
336 |a text  |b txt  |2 rdacontent 
337 |a bez média  |b n  |2 rdamedia 
338 |a zväzok  |b nc  |2 rdacarrier 
500 |a Záznam revízie 
910 |a svkkk 
998 |a BK 
090 |g SCKHL  |k Sklad Pribinova 2. posch.  |a III.84621  |j 274194  |i 2720687842  |s Prezenčne